Pandas géants en dehors de la Chine - Statistiques

Statistiques générales
  • Ce quiz a été pris 43 fois
  • Le résultat moyen est 13 sur 18
Statistiques - réponses
Continents Pays % Correct
France : ZooParc de Beauval (Saint-Aignan)
100%
Océanie Australie : Zoo d'Adelaïde
97%
Japon : Zoo d'Ueno (Tokyo), Adventure World (Shirahama)
97%
Europe Allemagne : Zoo de Berlin
92%
Amérique du Nord États-Unis : Zoo d'Atlanta, Zoo de San Francisco (à partir de 2025)
92%
Mexique : Zoo de Chapultepec (Mexico)
89%
Belgique : Pairi Daiza (Brugelette)
81%
Russie : Zoo de Moscou
81%
Asie Corée du Sud : Everland Resort (Yongin)
73%
Autriche : Zoo de Vienne
70%
Danemark : Zoo de Copenhague
62%
Finlande : Zoo d'Ähtäri
59%
Indonésie : Taman Safari (Bogor)
59%
Pays-Bas : Ouwehands Dierenpark (Rhenen)
51%
Malaisie : Zoo Negara (Ampang Jaya)
49%
Singapour : River Wonders
49%
Taïwan : Zoo de Taipei
46%
Qatar : Panda House (Al Khor)
32%
Aucun quiz correspondant
Distribution des résultats
% des personnes avec chaque résultat
Percentile par nombre de réponses
Votre historique - résultats
Vous n’avez pas pris ce quiz